Quick Pick: 'Guardians of the Galaxy Vol. 2' Characters Quiz Stats

 Plays Quiz Updated Mar 25, 2018

Challenge
Share
Tweet
Embed
Score 0/15 Timer 01:30
8 Plays Today
% Correct
Baby Groot
95.8%
Drax
93.2%
Peter Quill|Star-Lord
93.2%
Gamora
90.8%
Rocket Raccoon
90.4%
Nebula
86.4%
Mantis
82%
Ego
79.7%
% Correct
Yondu Udonta
78.4%
Taserface
76.1%
Meredith Quill
75.4%
Howard the Duck
56%
Kraglin Obfonteri
48.7%
Ayesha
44.5%
Stakar Ogord
44%

Today's Daily Dose

Missing Word
Britpop Albums

Word Ladder
Sing It!

On This Day
December 14th II

You're not logged in!

Compare scores with friends on all Sporcle quizzes.
OR
Log In

You Might Also Like...

Show Comments

Extras

Top Quizzes Today


Score Distribution

Your Account Isn't Verified!

In order to create a playlist on Sporcle, you need to verify the email address you used during registration. Go to your Sporcle Settings to finish the process.

Report this User

Report this user for behavior that violates our Community Guidelines.

Details: